000
00277nam a2200097Ia 4500
082
_a
EF MATT
245
0
_a
Azanian love song
100
_a
Mattera, Don, , 1935- Grant Park, South Africa, 2007 Rev. ed
_9
46973
942
_c
BK
008
210817s9999 xx 000 0 und d
999
_c
153978
_d
153977